Administración de recursos humanos

Gorde:
Xehetasun bibliografikoak
Egile Nagusiak: Mondy, R. Wayne (autor), Noe, Robert M (Egilea)
Formatua: Liburua
Hizkuntza:gaztelania
Argitaratua: Ciudad de México Prentice Hall Hispanoamericana 1997
Gaiak:
Etiketak: Etiketa erantsi
Etiketarik gabe, Izan zaitez lehena erregistro honi etiketa jartzen!

MARC

LEADER 00000nam a2200000 a 4500
001 UCN1722
003 CL-VaPUC
008 010504e19970000MX |||||||||||||||||spa|d
020 |a 9688809497 
082 0 4 |a 658.3  |b MON  |2 21 
100 |a Mondy, R. Wayne  |e autor  |9 554367 
700 0 |a Noe, Robert M  |e author  |9 457008 
245 1 0 |a Administración de recursos humanos 
300 |a 663 p 
942 |c BK 
945 |d 20010504 00:00:00  |a vberengu 
260 |a Ciudad de México  |b Prentice Hall Hispanoamericana  |c 1997 
650 0 |a Administración del personal  |9 260442 
650 0 |a Condiciones de trabajo   |9 359118 
650 0 |a Recursos humanos   |9 228420 
650 7 |a DESARROLLO DE LOS RECURSOS HUMANOS  |2 CL-VaPUC  |9 362807 
650 7 |a MANO DE OBRA  |2 CL-VaPUC  |9 315053 
650 7 |a PERSONAL  |2 CL-VaPUC  |9 343747 
583 |a last modification  |c 20010504 00:00:00  |k Rodrigo Vera 
999 |c 294956  |d 294954 
952 |0 0  |1 0  |4 0  |6 658_300000000000000_MON_1997  |7 0  |8 A  |9 347724  |a BIBENE  |b BIBENE  |d 2019-11-20  |i 3716066  |o 658.3 MON 1997  |p 3716066  |r 2025-01-15  |w 2019-11-20  |y BK  |k ICO 
952 |0 0  |1 0  |4 0  |6 658_300000000000000_MON_1997  |7 0  |8 A  |9 347725  |a BIBENE  |b BIBENE  |d 2019-11-20  |i 3718883  |o 658.3 MON 1997  |p 3718883  |r 2025-01-15  |w 2019-11-20  |y BK  |k ICO 
952 |0 0  |1 0  |4 0  |6 658_300000000000000_MON_1997  |7 0  |8 A  |9 347726  |a BIBENE  |b BIBENE  |d 2019-11-20  |i 4113292  |o 658.3 MON 1997  |p 4113292  |r 2025-01-15  |w 2019-11-20  |y BK  |k ICO